000 00905nam a2200217 a 4500
001 49175
003 BD-RjUL
005 20211209054638.0
008 160818s1968 ii a|||| |||| 00| 0 ben d
035 _a(BD-RjUL)49294
040 _aBD-RjUL
_bben
_cBD-RjUL
041 _aben
082 _223
_a891.4409
_bKHB 1968
100 _aখান্‌, আজহারউদ্দীন
_9119647
245 _aবাংলা সাহিত্যে মুহাম্মদ শহীদুল্লাহ্‌ /
_cআজহারউদ্দীন খান্
260 _aকলিকাতা :
_bজিজ্ঞাসা,
_c১৯৬৮
300 _a১৭৮ পৃ.:
_bচিত্র ;
_c২১ সেমি.
650 _aবাংলা সাহিত্য
_vইতিহাস ও সমালোচনা
_9117445
650 _aBengali Literature
_vHistory and Criticism
_9147827
942 _2ddc
_cBK
999 _c49175
_d49175